| 000 | 01298nam a22002537a 4500 | ||
|---|---|---|---|
| 005 | 20170124103134.0 | ||
| 010 | _a633974 | ||
| 020 | _c03.00 | ||
| 035 | _a633974 | ||
| 037 | _bCen Lib/Ret | ||
| 040 |
_aDPL _bHN |
||
| 082 |
_a821 _bनन्दला |
||
| 100 |
_aनन्दलाल वानप्रस्थी _943015 |
||
| 245 |
_aगीतासार : _cनन्दलाल वानप्रस्थी _bसमाज के कवियों व् भजनपदेशकों की प्रतिनिधि रचनाओं का संकलन / |
||
| 246 |
_aGitasaar : smaj ke kaviyon v bhajnupdehsakon ki prtinidhi rachnaon ka sankalan _bby Nandlal Vaanprasthi |
||
| 260 |
_aदिल्ली _bयादराम हासानन्द प्रकाशन _c1971 |
||
| 270 |
_aआर्य साहित्य भवन नई सड़क _b दिल्ली _e110006 |
||
| 300 |
_a180पृष्ठ. _c17सेमी(सजिल्द) |
||
| 650 |
_aहिंदी साहित्य _984981 |
||
| 650 |
_aभक्तिमय रचनाएँ - गीता _9952 |
||
| 650 |
_aHindi literature _984982 |
||
| 650 |
_aDevotional compositions - Gita _984983 |
||
| 942 |
_2ddc _cHN _h821 _mनन्दला |
||
| 999 |
_c119449 _d119449 |
||